Bajo la sombra del MERCOMUN
Guardado en:
| Format: | Texto |
|---|---|
| Fag: | |
| Tags: |
Tilføj Tag
Ingen Tags, Vær først til at tagge denne postø!
|
MARC
| LEADER | 00000 a a2200000 04500 | ||
|---|---|---|---|
| 001 | 6454 | ||
| 003 | |||
| 040 | |||
| 245 | |a Bajo la sombra del MERCOMUN | ||
| 650 | |a LIBRE COMERCIO | ||
| 650 | |a NEGOCIACIONES COMERCIALES | ||
| 650 | |a CONFLICTOS | ||
| 773 | |g volumen 21, número 951; páginas 6-8 | ||
| 999 | |c 20685 |d 20685 | ||
